Nehru and the Indian peasantry (Record no. 519845)
[ view plain ]
| 000 -LEADER | |
|---|---|
| fixed length control field | 00243nam a22000977a 4500 |
| 082 ## - DEWEY DECIMAL CLASSIFICATION NUMBER | |
| Classification number | TNC A6x5444 B152 |
| 100 ## - MAIN ENTRY--PERSONAL NAME | |
| Personal name | Bhalla, G.S. |
| 9 (RLIN) | 31071 |
| 245 ## - TITLE STATEMENT | |
| Title | Nehru and the Indian peasantry |
| 260 ## - PUBLICATION, DISTRIBUTION, ETC. (IMPRINT) | |
| Place of publication, distribution, etc | New Delhi |
| Name of publisher, distributor, etc | Nehru Memorial Museum |
| 300 ## - PHYSICAL DESCRIPTION | |
| Extent | 45p. |
No items available.
